000 00283nam a2200121Ia 4500
008 190216s9999||||xx |||||||||||||| ||und||
100 _aVimal
245 0 _aHindi-Pramugh Pachathya Rajaneethik Vijarak
260 _bRajasthan Hindi
300 _a329
650 _aHindi
942 _cBK
999 _c16375
_d16375